Normal view
MARC view
Entry Personal Name
001 - CONTROL NUMBER
- control field: 38337
003 - CONTROL NUMBER IDENTIFIER
- control field: ARRUPE
005 - DATE AND TIME OF LATEST TRANSACTION
- control field: 20180110150942.0
008 - FIXED-LENGTH DATA ELEMENTS
- fixed length control field: 180110|| aca||aabn | a|a d
040 ## - CATALOGING SOURCE
- Original cataloging agency: ARRUPE
- Transcribing agency: ARRUPE
100 ## - HEADING--PERSONAL NAME
- Personal name: Winter, E. H.
- Fuller form of name: (Edward Henry),
- Relator term: jt. ed.
670 ## - SOURCE DATA FOUND
- Source citation: Work cat.: (ARRUPE)0: Middleton, John, 1921- ed. 18313, Witchcraft and sorcery in East Africa, [1963]